000 00632nam a2200229Ia 4500
005 20260320201906.0
008 008 262003s9999 xx 000 0 eng d
037 _aEBOOK
040 _aCRL
040 _beng
040 _cCRL
041 _2eng
041 _aeng
084 _qCRL
100 _aN Billimoria
_91136229
245 0 _aLinux Kernel Debugging: Leverage proven tools and advanced techniques to effectively debug Linux kernels and kernel modules
260 _bIEEE
856 _uhttps://ieeexplore.ieee.org/servlet/opac?bknumber=10162830
942 _cEBOOK
999 _c1724126
_d1724126